00549nam a22001457a 450000500170000000800410001704100080005808200130006610000180007924501480009726000570024530000290030236500250033150000470035620250203104304.0250203b |||||||| |||| 00| 0 eng d aeng a712bPAN aPandit Simran aMitigating The Urban Heat Island Effet Caused By Road Infrastructure Through Landscape Architecture Interventions: A Case OF Chandni Chowk Pune aPunebBNCA M Arch Landscape Architecturec28/01/2025 a55pagesbPbc29.5 x 29.5 aINR b150.00cRupaye aBNCA M Arch Landscape Architecture Thesis